Desert America : Territory of Paradox /

A través de múltiples imágenes acompañadas de experiencias personales y de textos de historia, en esta obra se muestra la polifacética y paradójica vida cotidiana y las variadas prácticas culturales que se dan en el desierto norteamericano que, lejos de ser un lugar aislado y solitario, tiene divers...

Cur síos iomlán

Sábháilte in:
Sonraí bibleagrafaíochta
Príomhchruthaitheoir: Prat, Ramón (idea original)
Rannpháirtithe: Kubo, Michael (edición) (edición), Hwang, Irene (edición) (edición), Salazar, Jaime (edición) (edición)
Formáid: LEABHAR
Teanga:Béarla
Ábhair:
Clibeanna: Cuir clib leis
Níl clibeanna ann, Bí ar an gcéad duine le clib a chur leis an taifead seo!

MARC

LEADER 00000nam^a2200000^a^4500
001 000323202
005 20250521000000.0
009 20260310113632.387
020 |a 84-96540-09-X 
037 |a Acervo ITESO - Biblioteca 
041 |a ING 
082 |a 551. 415  |b PRA 
100 |a Prat, Ramón  |e (idea original) 
245 1 0 |a Desert America :  |b Territory of Paradox /  |c Idea original de R. Prat ; ed. de M. Kubo, I. Hwang, J. Salazar. 
264 |a Barcelona, España :  |b Actar,  |c copyright fecha no identificada 
300 |a 318 p. 
336 |a texto  |b txt  |2 rdacontenido 
337 |a sin mediación  |b n  |2 rdamedio 
338 |a volumen  |b nc  |2 rdasoporte 
520 |a A través de múltiples imágenes acompañadas de experiencias personales y de textos de historia, en esta obra se muestra la polifacética y paradójica vida cotidiana y las variadas prácticas culturales que se dan en el desierto norteamericano que, lejos de ser un lugar aislado y solitario, tiene diversos significados en la cultura de Estados Unidos. 
649 |a XX 
650 |a Desiertos -  |z EUA (Región Sudoeste Nuevo) 
650 |a Regiones Aridas -  |z EUA (Región Sudoeste Nuevo) 
650 |a Arquitectura Militar -  |z EUA (Región Sudoeste Nuevo) 
650 |a Prácticas Culturales -  |z EUA (Región Sudoeste Nuevo) 
650 |a Vida Cotidiana -  |z EUA (Región Sudoeste Nuevo) 
650 |a Sociología de la Cultura 
700 |a Kubo, Michael  |e (edición) 
700 |a Hwang, Irene  |e (edición) 
700 |a Salazar, Jaime  |e (edición) 
910 |a Fondo General 
920 |a Impresos - Libros 
930 |a Colección General 
905 |a 101 
901 |a 0500210789  |b IT1  |c ACC  |i C133045  |u 20250521 
902 |a https://opac.biblio.iteso.mx/vufind/Record/000323202